Nomination hearing: Glen Smith, to be a member of the Farm Credit Administration Board, Farm Credit Union, and Stephen Alexander Vaden, to be general counsel of the Department of Agriculture : hearing before the Committee on Agriculture, Nutrition, and Forestry, United States Senate, One Hundred Fifteenth Congress, first session, November 9, 2017.

Bibliographic Details
Corporate Author: United States. Congress. Senate. Committee on Agriculture, Nutrition, and Forestry (Author)
Format: Government Document eBook
Language:English
Published: Washington : U.S. Government Publishing Office, 2019.
Series:S. hrg. ; 115-602
Subjects:
Online Access:https://purl.fdlp.gov/GPO/gpo121631

MARC

Tag First Indicator Second Indicator Subfields
LEADER 00000cam a2200000 i 4500
001 in00004092413
006 m o d f
007 cr b||||||||||
008 190607s2019 dcu o f000 0 eng c
005 20220803200610.4
035 |a (OCoLC)on1103924705 
040 |a GPO  |b eng  |e rda  |e pn  |c GPO  |d GPO  |d OCLCO  |d GPO  |d OCLCF  |d GPO  |d OCLCQ  |d OCLCO  |d GPO  |d MvI 
042 |a pcc 
043 |a n-us--- 
049 |a WWW 
050 4 |a KF26  |b .A35 2017l 
074 |a 1032-E (online) 
086 0 |a Y 4.AG 8/3:S.HRG.115-602 
110 1 |a United States.  |b Congress.  |b Senate.  |b Committee on Agriculture, Nutrition, and Forestry,  |e author. 
245 1 0 |a Nomination hearing: Glen Smith, to be a member of the Farm Credit Administration Board, Farm Credit Union, and Stephen Alexander Vaden, to be general counsel of the Department of Agriculture :  |b hearing before the Committee on Agriculture, Nutrition, and Forestry, United States Senate, One Hundred Fifteenth Congress, first session, November 9, 2017. 
264 1 |a Washington :  |b U.S. Government Publishing Office,  |c 2019. 
300 |a 1 online resource (iii, 132 pages). 
336 |a text  |b txt  |2 rdacontent 
337 |a computer  |b c  |2 rdamedia 
338 |a online resource  |b cr  |2 rdacarrier 
490 1 |a S. hrg. ;  |v 115-602 
588 |a Description based on online resource; title from PDF title page (govinfo, viewed on June 7, 2019). 
500 |a GPO Cataloging Record Distribution Program (CRDP). 
600 1 0 |a Smith, Glen Richard,  |d 1956- 
600 1 0 |a Vaden, Stephen Alexander,  |d 1982- 
610 1 0 |a United States.  |b Farm Credit Administration.  |b Board  |x Officials and employees  |x Selection and appointment. 
610 1 0 |a United States.  |b Department of Agriculture  |x Officials and employees  |x Selection and appointment. 
655 7 |a Legislative hearings.  |2 lcgft 
776 0 8 |i Print version:  |a United States. Congress. Senate. Committee on Agriculture, Nutrition, and Forestry.  |t Nomination hearing: Glen Smith, to be a member of the Farm Credit Administration Board, Farm Credit Union, and Stephen Alexander Vaden, to be general counsel of the Department of Agriculture  |w (OCoLC)1103924527 
776 0 8 |i Microfiche version:  |a United States. Congress. Senate. Committee on Agriculture, Nutrition, and Forestry.  |t Nomination hearing: Glen Smith, to be a member of the Farm Credit Administration Board, Farm Credit Union, and Stephen Alexander Vaden, to be general counsel of the Department of Agriculture  |w (OCoLC)1319080465 
810 1 |a United States.  |b Congress.  |b Senate.  |t S. hrg. ;  |v 115-602. 
856 4 0 |u https://purl.fdlp.gov/GPO/gpo121631  |t 0 
999 f f |s bd1fe106-d4fe-4d97-a165-e1d5537a9a24  |i b4c76e99-2907-321d-a8a8-c19e062f8724  |t 0 
952 f f |a Texas A&M University  |b College Station  |c Electronic Resources  |d Available Online  |t 0  |e Y 4.AG 8/3:S.HRG.115-602  |h Superintendent of Documents classification 
998 f f |a Y 4.AG 8/3:S.HRG.115-602  |t 0  |l Available Online